000 00286nam a22001337a 4500
008 180110b xxu||||| |||| 00| 0 eng d
020 _a9780536309075
041 _aeng
080 _a82
100 _a22
101 _aGJU
245 _aBRITISH LITERATURE
_cKEVIN.J
942 _2udc
_cBK
999 _c39984
_d39984